Statistics for NFL Top 100 Players of 2018

Click here to take the quiz!

General Stats

  • This quiz has been taken 35 times
  • The average score is 29 of 100

Answer Stats

HintAnswer% Correct
1Tom Brady
88%
10Aaron Rodgers
77%
2Antonio Brown
77%
18Ben Roethlisberger
69%
25Cam Newton
69%
4Julio Jones
69%
5Le'Veon Bell
69%
11Russell Wilson
65%
3Carson Wentz
62%
29Matt Ryan
62%
7Aaron Donald
58%
54Ezekiel Elliott
58%
84J.J Watt
58%
64Richard Sherman
58%
15Rob Gronkowski
54%
20Alvin Kamara
50%
8Drew Brees
50%
77Odell Beckham Jr.
50%
9Von Miller
50%
60Derek Carr
46%
17Jalen Ramsey
46%
16Khalil Mack
46%
6Todd Gurley
46%
24Travis Kelce
46%
38Jared Goff
42%
12Luke Kuechly
42%
56Philip Rivers
42%
36Adam Thielen
38%
13DeAndre Hopkins
38%
94Kirk Cousins
38%
21Bobby Wagner
35%
50Deshaun Watson
35%
27Larry Fitzgerald
35%
30LeSean McCoy
35%
40Tyreek Hill
35%
68Zach Ertz
35%
22A.J Green
31%
69Fletcher Cox
31%
41Keenan Allen
31%
43Mark Ingram
31%
81Michael Thomas
31%
65Stefon Diggs
31%
53Aqib Talib
27%
44David DeCastro
27%
33Kareem Hunt
27%
23Patrick Peterson
27%
55Xavier Rhodes
27%
51Case Keenum
23%
70Devonta Freeman
23%
32Jadeveon Clowney
23%
92Landon Collins
23%
39Tyron Smith
23%
35A.J Bouye
19%
14Calais Campbell
19%
26Cameron Jordan
19%
74Cameron Wake
19%
99Doug Baldwin
19%
100Ha Ha Clinton-Dix
19%
46Harrison Smith
19%
90Jimmy Garoppolo
19%
89Jimmy Graham
19%
37Joey Bosa
19%
75Kam Chancellor
19%
79Marcus Peters
19%
82Marshon Lattimore
19%
31Matthew Stafford
19%
61Ndamukong Suh
19%
73Thomas Davis
19%
71Zack Martin
19%
48Cameron Heyward
15%
42Earl Thomas
15%
63Geno Atkins
15%
52Jarvis Landry
15%
47Ryan Shazier
15%
57Trent Williams
15%
28Chandler Jones
12%
98C.J. Mosley
12%
49Darius Slay
12%
91David Bakhtiari
12%
34Demarcus Lawrence
12%
95Lane Johnson
12%
58Leonard Fournette
12%
96Malcolm Jenkins
12%
76Melvin Ingram
12%
87Andrew Whitworth
8%
59Casey Hayward
8%
86Chris Harris Jr.
8%
72Delanie Walker
8%
45Devonte Adams
8%
83Linval Joseph
8%
93Mike Daniels
8%
78Taylor Lewan
8%
67Telvin Smith
8%
97Carlos Hyde
4%
19Everson Griffin
4%
66Jurell Casey
4%
80Kevin Byard
4%
62Micah Hyde
4%
88Yannick Ngakoue
4%
85Bruce Irvin
0%

Score Distribution

Percentile by Number Answered

Percent of People with Each Score

Your Score History

You have not taken this quiz